| 000 | 00827nam-a2200217-a-4500 | ||
|---|---|---|---|
| 001 | YSU0148687 | ||
| 003 | AM-YEHGA | ||
| 005 | 20250617160754.0 | ||
| 008 | 990307s1961 xxu 000 0 rus u | ||
| 020 | _c00.37 | ||
| 040 | _aAM-YeHGA | ||
| 100 | 1 | 0 | _aДмитриев, Николай Леонидович |
| 245 | 1 | 0 |
_aРастительный и животный мир Калужской области : _bРастительный мир Вып. 1 / _cН. Дмитриев, Л.Зеленова, М. Кунаков |
| 260 | 0 |
_aКалуга : _bКалужское кн. изд-во , _c1961. |
|
| 300 | _a114 с. | ||
| 650 | 4 | _aГеография растений. Фитогеография. Флора | |
| 700 | 1 | _aЗеленова, Л. | |
| 700 | 1 | _aКунаков, М. | |
| 942 |
_2udc _cBK |
||
| 090 | _c463211 | ||
| 999 |
_c460137 _d460137 |
||